[Event "Rhein Main op-B 21st"]
[Site "Bad Homburg"]
[Date "2018.06.03"]
[Round "7"]
[White "Gerlach, Manuel"]
[Black "Schmid, Herbert"]
[Result "0-1"]
[WhiteElo "1429"]
[BlackElo "1715"]
[PlyCount "80"]
[EventDate "2018.05.30"]
[EventType "swiss"]
[EventRounds "7"]
[EventCountry "GER"]
[SourceTitle "EXT 2019"]
[Source "ChessBase"]
[SourceDate "2018.10.10"]
[SourceVersion "1"]
[SourceVersionDate "2018.10.10"]
[SourceQuality "1"]

1. e4 c6 2. Nf3 d6 3. Be2 Nf6 4. d3 e5 5. 0-0 Nbd7 6. Re1 Be7 7. Nbd2 Qc7 8. Nf1 Nc5 9. Ng3 Bd7 10. Bf1 0-0-0 11. c3 Bg4 12. h3 Bd7 13. b4 Ne6 14. a4 h6 15. Nf5 Bf8 16. Be3 Kb8 17. Qb1 g6 18. Ng3 Nf4 19. c4 h5 20. b5 c5 21. a5 Qc8 22. Ng5 Be8 23. Ne2 Ne6 24. Nxe6 Qxe6 25. Nc3 Rg8 26. Bg5 Rd7 27. Bxf6 Qxf6 28. Nd5 Qd8 29. Qd1 f6 30. Be2 Rh7 31. f4 Bg7 32. Rf1 f5 33. fxe5 Bxe5 34. exf5 gxf5 35. Rxf5 Bd7 36. Rxh5 Rxh5 37. Bxh5 Bxh3 38. Bf3 Qg5 39. Qe2 Bxa1 40. Qe4 Bd4+ 0-1

[Event "Rhein Main op-B 19th"]
[Site "Bad Homburg"]
[Date "2016.05.27"]
[Round "4"]
[White "Gerlach, Manuel"]
[Black "Jacobsen, Steen"]
[Result "1/2-1/2"]
[WhiteElo "1388"]
[BlackElo "1768"]
[PlyCount "83"]
[EventDate "2016.05.25"]
[EventType "swiss"]
[EventRounds "7"]
[EventCountry "GER"]
[SourceTitle "EXT 2017"]
[Source "ChessBase"]
[SourceDate "2016.10.25"]
[SourceVersion "1"]
[SourceVersionDate "2016.10.25"]
[SourceQuality "1"]

1. e4 e6 2. d4 d5 3. Nd2 dxe4 4. Nxe4 Nd7 5. Nf3 Ngf6 6. Ng3 c5 7. c3 Qb6 8. Bd3 cxd4 9. cxd4 Bd6 10. 0-0 0-0 11. Qe2 Nd5 12. Ne4 Bf4 13. Neg5 h6 14. Bxf4 Nxf4 15. Qe4 Nf6 16. Qxf4 hxg5 17. Nxg5 Rd8 18. Nf3 Qxb2 19. Rfd1 Qa3 20. Qc7 Rd7 21. Qc2 Qd6 22. Rac1 Nd5 23. Bh7+ Kf8 24. Ne5 Rc7 25. Qd2 Rxc1 26. Qxc1 Bd7 27. Qg5 Ba4 28. Qh5 Qc7 29. Re1 Nf6 30. Qh4 Nxh7 31. Qxh7 Qc3 32. Rf1 Rc8 33. Qh8+ Ke7 34. Qxg7 Be8 35. Qg5+ Kf8 36. Qf4 Qc2 37. Qh6+ Ke7 38. Qg5+ Kd6 39. Qf4 Ke7 40. Qg5+ Kf8 41. Qh6+ Kg8 42. Qg5+ 1/2-1/2

[Event "Rhein Main op-B 19th"]
[Site "Bad Homburg"]
[Date "2016.05.26"]
[Round "2"]
[White "Gerlach, Manuel"]
[Black "Buchholz, Maja Patricia"]
[Result "1-0"]
[WhiteElo "1388"]
[BlackElo "892"]
[PlyCount "85"]
[EventDate "2016.05.25"]
[EventType "swiss"]
[EventRounds "7"]
[EventCountry "GER"]
[SourceTitle "EXT 2017"]
[Source "ChessBase"]
[SourceDate "2016.10.25"]
[SourceVersion "1"]
[SourceVersionDate "2016.10.25"]
[SourceQuality "1"]

1. e4 e5 2. Nf3 Nc6 3. Bb5 Nf6 4. d3 Bc5 5. 0-0 0-0 6. Bxc6 bxc6 7. Nxe5 d6 8. Nf3 Bg4 9. Nbd2 Re8 10. Re1 d5 11. exd5 cxd5 12. h3 Bxf3 13. Nxf3 h6 14. Bf4 Rb8 15. Qd2 Rxb2 16. Qc3 Bb4 17. Rxe8+ Qxe8 18. Qxb2 a5 19. a3 Bd6 20. Bxh6 gxh6 21. Qxf6 Kh7 22. Re1 Qg8 23. Nh4 Bxa3 24. Re3 Bd6 25. Rf3 a4 26. Nf5 Qg6 27. Qxg6+ Kxg6 28. Nxd6 cxd6 29. d4 f5 30. Ra3 f4 31. Rxa4 Kf5 32. f3 Ke6 33. Ra7 h5 34. Rh7 Kf6 35. Rxh5 Kf7 36. Rh8 Kf6 37. Rh7 Kf5 38. Rh6 Kg5 39. Rxd6 Kh4 40. Kh2 Kg5 41. g3 Kh5 42. gxf4 Kh4 43. Rh6# 1-0

[Event "Rhein Main op-B 18th"]
[Site "Bad Homburg"]
[Date "2015.06.06"]
[Round "6"]
[White "Goodwin, David"]
[Black "Gerlach, Manuel"]
[Result "1/2-1/2"]
[WhiteElo "1419"]
[BlackElo "1313"]
[PlyCount "73"]
[EventDate "2015.06.03"]
[EventType "swiss"]
[EventRounds "7"]
[EventCountry "GER"]
[SourceTitle "CBM 167 Extra"]
[Source "ChessBase"]
[SourceDate "2015.09.14"]
[SourceVersion "1"]
[SourceVersionDate "2015.09.14"]
[SourceQuality "1"]

1. Nf3 d5 2. g3 Bf5 3. Bg2 Nf6 4. 0-0 e6 5. d3 Nbd7 6. Nbd2 c5 7. c4 d4 8. Nh4 Rb8 9. Nxf5 exf5 10. Re1 Bd6 11. e4 fxe4 12. Nxe4 Be7 13. Bf4 0-0 14. Bxb8 Qxb8 15. Nxf6+ Bxf6 16. a3 b6 17. Re4 Ne5 18. Qe2 Qd6 19. Re1 Ng6 20. Re8 Qd7 21. Rxf8+ Kxf8 22. Bh3 Qe7 23. Qd1 Qb7 24. Bg2 Qd7 25. Qf3 Qc8 26. Qd1 Qd7 27. Bd5 Ne5 28. Bf3 Qf5 29. Kg2 Nxd3 30. Re2 Ne5 31. Re4 d3 32. Rf4 Qg6 33. Be4 Qh6 34. Bxd3 Bg5 35. Re4 Qc6 36. Kg1 Nxc4 37. Qe2 1/2-1/2

[Event "Rhein Main op-B 18th"]
[Site "Bad Homburg"]
[Date "2015.06.04"]
[Round "3"]
[White "Gerlach, Manuel"]
[Black "Dietrich, Klaus"]
[Result "1-0"]
[WhiteElo "1313"]
[BlackElo "768"]
[PlyCount "89"]
[EventDate "2015.06.03"]
[EventType "swiss"]
[EventRounds "7"]
[EventCountry "GER"]
[SourceTitle "CBM 167 Extra"]
[Source "ChessBase"]
[SourceDate "2015.09.14"]
[SourceVersion "1"]
[SourceVersionDate "2015.09.14"]
[SourceQuality "1"]

1. e4 e5 2. Nf3 Nc6 3. Bb5 Nf6 4. d3 g6 5. Nbd2 a6 6. Ba4 b5 7. Bb3 d6 8. c3 Be6 9. Bc2 Bg7 10. 0-0 0-0 11. Re1 d5 12. Nf1 dxe4 13. dxe4 Qxd1 14. Rxd1 Rad8 15. Be3 Bg4 16. Ng3 Bxf3 17. gxf3 b4 18. Bc5 Rfe8 19. Ba4 Rxd1+ 20. Rxd1 Rd8 21. Rxd8+ Nxd8 22. Bxb4 Ne6 23. Ne2 Bf8 24. Ba5 Bd6 25. c4 Nc5 26. Bc2 Nh5 27. Bc3 Nf6 28. b4 Ncd7 29. c5 Be7 30. c6 Nb6 31. Bxe5 Bd8 32. Bd3 Kf8 33. Bxa6 Ke7 34. Nd4 Nh5 35. Nb5 f6 36. Bxc7 Bxc7 37. Nxc7 Kd8 38. Nd5 Nxd5 39. exd5 Kc7 40. Bc4 Nf4 41. a4 Kb6 42. a5+ Ka7 43. d6 Kb8 44. c7+ Kc8 45. Ba6+ 1-0

[Event "Rhein Main op-B 17th"]
[Site "Bad Homburg"]
[Date "2014.06.20"]
[Round "4"]
[White "Gerlach, Manuel"]
[Black "Friedel, Thomas"]
[Result "0-1"]
[WhiteElo "1263"]
[BlackElo "1588"]
[PlyCount "80"]
[EventDate "2014.06.18"]
[EventType "swiss"]
[EventRounds "9"]
[EventCountry "GER"]
[SourceTitle "CBM 161 Extra"]
[Source "ChessBase"]
[SourceDate "2014.08.29"]
[SourceVersion "1"]
[SourceVersionDate "2014.08.29"]
[SourceQuality "1"]

1. e4 e5 2. Nf3 Nc6 3. Bc4 Bc5 4. d3 h6 5. 0-0 Nf6 6. Nc3 0-0 7. Nxe5 Nxe5 8. d4 Nxc4 9. dxc5 d6 10. cxd6 Qxd6 11. Qe2 Qc6 12. Qf3 Ne5 13. Qg3 Ng6 14. Re1 b6 15. f4 Qc5+ 16. Be3 Qh5 17. f5 Ne7 18. h3 c5 19. Qh2 Nh7 20. Rf1 f6 21. Qg3 Nc6 22. Qd6 Ne5 23. Qd5+ Qf7 24. Qxa8 Be6 25. Qxf8+ Nxf8 26. fxe6 Nxe6 27. b3 Nc6 28. Rad1 Ncd4 29. Bxd4 Nxd4 30. Rd2 Qg6 31. Rdf2 Qh5 32. Nd5 Ne2+ 33. Kh2 Qe5+ 34. Nf4 Nxf4 35. Rxf4 g5 36. g3 gxf4 37. Rxf4 Kh7 38. Rg4 h5 39. Rh4 Kg6 40. Kg2 Qc3 0-1

[Event "Rhein Main op-B 17th"]
[Site "Bad Homburg"]
[Date "2014.06.19"]
[Round "3"]
[White "Lessmann, Sven"]
[Black "Gerlach, Manuel"]
[Result "1-0"]
[WhiteElo "1692"]
[BlackElo "1263"]
[PlyCount "75"]
[EventDate "2014.06.18"]
[EventType "swiss"]
[EventRounds "9"]
[EventCountry "GER"]
[SourceTitle "CBM 161 Extra"]
[Source "ChessBase"]
[SourceDate "2014.08.29"]
[SourceVersion "1"]
[SourceVersionDate "2014.08.29"]
[SourceQuality "1"]

1. d4 d5 2. c4 e6 3. Nc3 Nf6 4. Bg5 Nbd7 5. e3 c6 6. Nf3 Bd6 7. Be2 0-0 8. 0-0 Re8 9. Rc1 Qc7 10. g3 b6 11. cxd5 exd5 12. Nb5 Qb8 13. Rxc6 Re6 14. Nxd6 Rxd6 15. Bf4 Ne8 16. Bxd6 Nxd6 17. Qc2 Nf6 18. Ne5 Nde8 19. Rc1 Bb7 20. Rc3 Ne4 21. Bd3 Qd6 22. Bxe4 dxe4 23. Nc6 Qe6 24. d5 Qd6 25. Qxe4 Nf6 26. Qe5 Qxe5 27. Nxe5 Nxd5 28. Rc4 Rd8 29. Rd4 Re8 30. Nd7 Rd8 31. Rdc4 Ne7 32. Rd1 Bd5 33. Rc7 Kh8 34. Rxa7 Bc6 35. f4 Ng6 36. Rd6 Ne7 37. Ne5 Rc8 38. Rxe7 1-0

[Event "Wiesbaden op 25th"]
[Site "Wiesbaden"]
[Date "2013.08.25"]
[Round "7"]
[White "Jahraus, Marlis"]
[Black "Gerlach, Manuel"]
[Result "1-0"]
[WhiteElo "799"]
[BlackElo "1260"]
[PlyCount "87"]
[EventDate "2013.08.22"]
[EventType "swiss"]
[EventRounds "7"]
[EventCountry "GER"]
[SourceTitle "CBM 156 Extra"]
[Source "ChessBase"]
[SourceDate "2013.10.22"]
[SourceVersion "1"]
[SourceVersionDate "2013.10.22"]
[SourceQuality "1"]

1. e4 e5 2. Nf3 Nc6 3. Bb5 a6 4. Ba4 b5 5. Bb3 Nf6 6. 0-0 d6 7. Re1 Be7 8. h3 0-0 9. c3 Na5 10. Bc2 c5 11. d4 Bb7 12. Nbd2 Qc7 13. Nf1 Rfe8 14. d5 Rac8 15. Ne3 Qb6 16. Bd2 Ba8 17. Nf5 Bd8 18. b3 Qa7 19. Nxd6 Bb6 20. Nxc8 Rxc8 21. Qe2 Re8 22. Bg5 Nh5 23. c4 h6 24. Bd2 Bb7 25. Bc3 Nf4 26. Qd2 f6 27. Bxa5 Bxa5 28. Qxa5 Bc8 29. g3 Nxh3+ 30. Kg2 Qf7 31. Rh1 Ng5 32. Nxg5 fxg5 33. Qd2 Bg4 34. Bd1 Bxd1 35. Raxd1 Rd8 36. d6 Qb7 37. Qd5+ Qf7 38. Qxf7+ Kxf7 39. Rd5 Ke6 40. Rhd1 Rd7 41. Rxc5 Rxd6 42. Rxd6+ Kxd6 43. Rd5+ Ke6 44. c5 1-0

[Event "Hessen-ch U12"]
[Site "Bad Homburg"]
[Date "2013.??.??"]
[Round "6"]
[White "Gerlach, Manuel"]
[Black "Hollmann, Leon"]
[Result "0-1"]
[WhiteElo "1003"]
[BlackElo "1577"]
[PlyCount "94"]
[EventDate "2013.03.??"]
[EventType "swiss"]
[EventRounds "9"]
[EventCountry "GER"]
[SourceTitle "EXT 2014"]
[Source "ChessBase"]
[SourceDate "2013.11.20"]
[SourceVersion "1"]
[SourceVersionDate "2013.11.20"]
[SourceQuality "1"]

1. e4 c5 2. Nf3 Nc6 3. Nc3 e6 4. d3 Nf6 5. Be2 Be7 6. Bf4 d5 7. 0-0 0-0 8. Re1 Nh5 9. Qd2 Bd6 10. e5 Nxf4 11. Qxf4 Bc7 12. Rad1 f6 13. Bf1 fxe5 14. Qg4 Qf6 15. Qh5 a6 16. Rd2 g6 17. Qh6 Qg7 18. Qh3 Qf6 19. Qh6 e4 20. dxe4 Bf4 21. Qh4 Qxh4 22. Nxh4 Bxd2 23. Rd1 Bxc3 24. bxc3 Rf4 25. Nf3 Rxe4 26. Bd3 Rf4 27. g3 Rxf3 28. c4 dxc4 29. Bxc4 Rc3 30. Bd3 Nb4 31. Be4 Kg7 32. Kg2 Nxa2 33. Rd2 e5 34. Bd5 Nb4 35. Be4 Bf5 36. Bxf5 gxf5 37. Rd7+ Kg6 38. Rd6+ Kh5 39. Re6 e4 40. Rf6 Kg5 41. Rd6 Rxc2 42. Rd7 e3 43. Rxh7 Nd3 44. Rg7+ Kf6 45. Rd7 Rxf2+ 46. Kh3 e2 47. Rh7 e1Q 0-1

[Event "Hessen-ch U12"]
[Site "Bad Homburg"]
[Date "2012.??.??"]
[Round "2"]
[White "Gerlach, Manuel"]
[Black "Poetsch, Leonore"]
[Result "1/2-1/2"]
[WhiteElo "853"]
[BlackElo "1249"]
[PlyCount "44"]
[EventDate "2012.04.??"]
[EventType "swiss"]
[EventRounds "9"]
[EventCountry "GER"]
[SourceTitle "EXT 2015"]
[Source "ChessBase"]
[SourceDate "2014.11.20"]
[SourceVersion "1"]
[SourceVersionDate "2014.11.20"]
[SourceQuality "1"]

1. d4 e6 2. c4 Nf6 3. Nc3 d5 4. Bg5 h6 5. Bxf6 gxf6 6. cxd5 exd5 7. Nf3 Bf5 8. Nh4 Bg6 9. e3 c6 10. Nxg6 fxg6 11. Bd3 f5 12. Qe2 Nd7 13. 0-0 Qc7 14. f3 0-0-0 15. e4 fxe4 16. fxe4 Re8 17. Qf3 dxe4 18. Bxe4 Qb6 19. Bxg6 Qxd4+ 20. Rf2 Re6 21. Bf5 Re7 22. Rd1 Qg7 1/2-1/2

[Event "Hessen-ch U12"]
[Site "Bad Homburg"]
[Date "2012.??.??"]
[Round "8"]
[White "Gerlach, Manuel"]
[Black "Thomsen, Phil"]
[Result "0-1"]
[WhiteElo "853"]
[BlackElo "1084"]
[PlyCount "52"]
[EventDate "2012.04.??"]
[EventType "swiss"]
[EventRounds "9"]
[EventCountry "GER"]
[SourceTitle "EXT 2015"]
[Source "ChessBase"]
[SourceDate "2014.11.20"]
[SourceVersion "1"]
[SourceVersionDate "2014.11.20"]
[SourceQuality "1"]

1. e4 d5 2. Nc3 d4 3. Nd5 e6 4. Nf4 e5 5. Nd3 Nc6 6. Nf3 Bd6 7. c3 f5 8. cxd4 fxe4 9. Ndxe5 Nxd4 10. Nxd4 Bxe5 11. Nb3 Nf6 12. d4 exd3 13. Bxd3 Be6 14. 0-0 0-0 15. Re1 Ng4 16. f4 Bd4+ 17. Kf1 Nxh2+ 18. Ke2 Bg4+ 19. Kd2 Bxd1 20. Kxd1 Bf2 21. Re2 Qxd3+ 22. Rd2 Qf1+ 23. Kc2 Rfe8 24. Rd1 Qc4+ 25. Kb1 Qe4+ 26. Rd3 Qxd3# 0-1